| 000 | 00458nam a2200193Ia 4500 | ||
|---|---|---|---|
| 005 | 20250425161654.0 | ||
| 008 | 250425s9999 xx 000 0 und d | ||
| 020 | _a087814031X | ||
| 041 | _aeng | ||
| 082 | _a622.3382 | ||
| 100 | _aBROWN, KERMIT E. | ||
| 245 | 0 | _aTHE TECHNOLOGY OF ARTIFICIAL LIFT METHODS | |
| 250 | _aS.E. | ||
| 260 |
_aEstados Unidos _bPENNWELL BOOK _c1980 |
||
| 260 | _aTULSA | ||
| 300 | _a596 | ||
| 942 | _c01 | ||
| 010 | _a25548 | ||
| 999 |
_c213790 _d213790 |
||